000 00477nam a2200121 4500
999 _c11212
_d11212
008 181017b ||||| |||| 00| 0 eng d
082 _aDPer 959.9048 P53p May 2013- April 2014 v. 22-23
245 _aUgnayang panlabas:
_bmatibay na pundasyon para sa matiwasay na ASEAN.
260 _aSan Miguel, Manila :
_bOP-Bureau of Communications Services,
_c©May 2013-©Apr 2014.
300 _av23 n2, pages 28-29;
_c23 cm.
650 0 _932281
_aInternational relations.
942 _2ddc
_cPER